| 000 -LEADER |
| fixed length control field |
02094nam a22003617a 4500 |
| 003 - CONTROL NUMBER IDENTIFIER |
| control field |
DO-SlITS |
| 005 - DATE AND TIME OF LATEST TRANSACTION |
| control field |
20260207064115.0 |
| 007 - PHYSICAL DESCRIPTION FIXED FIELD--GENERAL INFORMATION |
| fixed length control field |
ta |
| 008 - FIXED-LENGTH DATA ELEMENTS--GENERAL INFORMATION |
| fixed length control field |
260114b20242026RD adlofrmi|||||1|||spa|d |
| 040 ## - CATALOGING SOURCE |
| Original cataloging agency |
DO-SlITS |
| Language of cataloging |
spa |
| Transcribing agency |
DO-SlITS |
| Modifying agency |
rda |
| 041 ## - LANGUAGE CODE |
| Language code of text/sound track or separate title |
spa |
| 082 ## - DEWEY DECIMAL CLASSIFICATION NUMBER |
| Classification number |
PF-TSDG 741.6 M777c 2024 |
| Edition number |
21 |
| 100 ## - MAIN ENTRY--PERSONAL NAME |
| 9 (RLIN) |
22249 |
| Personal name |
Montenegro, Sebastián |
| Titles and words associated with a name |
2022-0403 |
| Relator term |
Sustentante |
| 245 ## - TITLE STATEMENT |
| Title |
Campaña gráfica para concienciación y prevención de enfermedades de transmisión sexual y embarazo en los adolescentes / |
| Statement of responsibility, etc. |
Sebastián Montenegro, Kevin de la Cruz, Julio Sala. [Docente Asesora: Leocadia Báez] |
| 264 ## - PRODUCTION, PUBLICATION, DISTRIBUTION, MANUFACTURE, AND COPYRIGHT NOTICE |
| Place of production, publication, distribution, manufacture |
Santo Domingo Este, República Dominicana : |
| Name of producer, publisher, distributor, manufacturer |
Instituto Técnico Superior Comunitario (ITSC). Vicerrectoría Académica. Área de Artes ; |
| Date of production, publication, distribution, manufacture, or copyright notice |
2024. |
| 300 ## - PHYSICAL DESCRIPTION |
| Extent |
88 hojas : |
| Other physical details |
ilustraciones, gráficas, fotografía ; |
| Dimensions |
28 x 22 cm.3 |
| 336 ## - CONTENT TYPE |
| Content type term |
texto |
| Content type code |
txt |
| Source |
rdacontent |
| 337 ## - MEDIA TYPE |
| Media type term |
volumen |
| Media type code |
n |
| Source |
rdamedia |
| 502 ## - DISSERTATION NOTE |
| Dissertation note |
Proyecto final para optar por el título: Técnico Superior en Diseño Gráfico : |
| Degree type |
Instituto Técnico Superior Comunitario (ITSC). Santo Domingo Este, República Dominicana, |
| Name of granting institution |
2024. |
| 504 ## - BIBLIOGRAPHY, ETC. NOTE |
| Bibliography, etc |
Incluye referencias bibliográficas. |
| 505 ## - FORMATTED CONTENTS NOTE |
| Formatted contents note |
Tabla de contenido / Dedicatoria / Agradecimiento / Introducción / Delimitación del tema de investigación / Planeamiento del problema / Justificación / Objetivos / Objetivos Especifico / Marco conceptual / Tema relevancia uno / Sub tema relevancia uno / Tema relevante 2 / Sub Tema relevante 2 / Sub Tema relevante 2-3 /El color / Importancia del color / Marco textual / Conclusiones / Referencias / <br/> |
| 546 ## - LANGUAGE NOTE |
| Language note |
Texto en español. |
| 650 #4 - SUBJECT ADDED ENTRY--TOPICAL TERM |
| 9 (RLIN) |
3462 |
| Topical term or geographic name as entry element |
Diseño gráfico |
| 650 #0 - SUBJECT ADDED ENTRY--TOPICAL TERM |
| 9 (RLIN) |
22258 |
| Topical term or geographic name as entry element |
Campañas de concienciación. |
| 650 #0 - SUBJECT ADDED ENTRY--TOPICAL TERM |
| 9 (RLIN) |
22259 |
| Topical term or geographic name as entry element |
Salud sexual. |
| General subdivision |
Prevención. |
| 650 #0 - SUBJECT ADDED ENTRY--TOPICAL TERM |
| 9 (RLIN) |
22260 |
| Topical term or geographic name as entry element |
Enfermedades de transmisión sexual. |
| General subdivision |
Prevención. |
| 650 #0 - SUBJECT ADDED ENTRY--TOPICAL TERM |
| 9 (RLIN) |
14731 |
| Topical term or geographic name as entry element |
Embarazo en adolescentes |
| General subdivision |
Prevención. |
| 650 #0 - SUBJECT ADDED ENTRY--TOPICAL TERM |
| 9 (RLIN) |
22261 |
| Topical term or geographic name as entry element |
Comunicación visual. |
| 700 ## - ADDED ENTRY--PERSONAL NAME |
| 9 (RLIN) |
21874 |
| Personal name |
De la Cruz, Kevin |
| 700 ## - ADDED ENTRY--PERSONAL NAME |
| 9 (RLIN) |
21875 |
| Personal name |
García, Julio |
| 700 1# - ADDED ENTRY--PERSONAL NAME |
| Personal name |
Báez, Leocadia, |
| Relator term |
Docente |
| -- |
Asesora |
| 9 (RLIN) |
16659 |
| 942 ## - ADDED ENTRY ELEMENTS (KOHA) |
| Source of classification or shelving scheme |
|
| Koha item type |
Proyectos finales |